MARC

Tag First Indicator Second Indicator Subfields
LEADER 00000cam a2200000Ka 4500
001 in00004024613
005 20190416184023.0
006 m o d
007 cr bn||||||abp
007 cr bn||||||ada
008 100716s2000 mx ob 000 0 spa d
019 |a 663358135  |a 948109323 
020 |a 9789681209520  |q (electronic bk.) 
020 |a 9681209524  |q (electronic bk.) 
035 |a (OCoLC)ocn648254448 
035 |a (OCoLC)648254448  |z (OCoLC)663358135  |z (OCoLC)948109323 
037 |a 22573/ctv3d8w2r  |b JSTOR 
040 |a OCLCE  |b eng  |e pn  |c OCLCE  |d OCLCQ  |d OCLCF  |d OCLCO  |d OCLCQ  |d OCLCA  |d JSTOR  |d UtOrBLW 
042 |a dlr 
043 |a n-mx--- 
049 |a TXAM 
050 4 |a TD883.7.M62  |b L48 2000 
072 7 |a HIS  |x 025000  |2 bisacsh 
072 7 |a POL  |x 044000  |2 bisacsh 
072 7 |a TEC  |x 010010  |2 bisacsh 
082 0 4 |a 363.739/22/09725  |2 21 
100 1 |a Lezama, José Luis.  |0 http://id.loc.gov/authorities/names/n88227188 
245 1 0 |a Aire dividido :  |b crítica a la política del aire en el valle de México, 1979-1996 /  |c José Luis Lezama. 
250 |a 1. ed. 
264 1 |a México, D.F. :  |b Colegio de México, Centro de Estudios Demográficos y de Desarrollo Urbano,  |c 2000. 
300 |a 1 online resource (xi, 330 pages) 
336 |a text  |b txt  |2 rdacontent 
337 |a computer  |b c  |2 rdamedia 
338 |a online resource  |b cr  |2 rdacarrier 
504 |a Includes bibliographical references (pages 243-247). 
588 0 |a Print version record. 
538 |a Master and use copy. Digital master created according to Benchmark for Faithful Digital Reproductions of Monographs and Serials, Version 1. Digital Library Federation, December 2002.  |u http://purl.oclc.org/DLF/benchrepro0212  |5 MiAaHDL 
583 1 |a digitized  |c 2010  |h HathiTrust Digital Library  |l committed to preserve  |2 pda  |5 MiAaHDL 
500 |a Electronic resource. 
650 0 |a Air  |x Pollution  |z Mexico  |z Mexico, Valley of. 
650 0 |a Air  |x Pollution  |z Mexico  |z Mexico City Metropolitan Area. 
650 0 |a Air quality management  |z Mexico  |z Mexico, Valley of. 
650 0 |a Air quality management  |z Mexico  |z Mexico City Metropolitan Area. 
650 0 |a Air  |x Pollution  |x Government policy  |z Mexico. 
650 0 |a Environmental policy  |z Mexico.  |0 http://id.loc.gov/authorities/subjects/sh2008103279 
650 7 |a Air  |x Pollution.  |2 fast  |0 (OCoLC)fst00802083 
650 7 |a Air  |x Pollution  |x Government policy.  |2 fast  |0 (OCoLC)fst00802107 
650 7 |a Air quality management.  |2 fast  |0 (OCoLC)fst00802537 
650 7 |a Environmental policy.  |2 fast  |0 (OCoLC)fst00913250 
651 7 |a Mexico.  |2 fast  |0 (OCoLC)fst01211700 
651 7 |a Mexico  |z Mexico City Metropolitan Area.  |2 fast  |0 (OCoLC)fst01347307 
651 7 |a Mexico  |z Valley of Mexico.  |2 fast  |0 (OCoLC)fst01333556 
650 7 |a HISTORY / Latin America / Mexico.  |2 bisacsh 
653 |a Aire  |a Contaminación  |a Aspectos ambientales  |a México. 
653 |a Aire  |a Calidad  |a México. 
655 7 |a Electronic books.  |2 local 
710 2 |a JSTOR (Organization)  |0 http://id.loc.gov/authorities/names/no97001983 
776 0 8 |i Print version:  |a Lezama, José Luis.  |t Aire dividido.  |b 1. ed.  |d México, D.F. : Colegio de México, Centro de Estudios Demográficos y de Desarrollo Urbano, 2000  |w (DLC) 00318838  |w (OCoLC)45446105 
856 4 0 |u http://proxy.library.tamu.edu/login?url=http://www.jstor.org/stable/10.2307/j.ctv3f8q8s  |z Connect to the full text of this electronic book  |t 0 
999 f f |s c83b61c6-d696-3ccb-b6d9-7e97abb50bd7  |i 46614f07-ea5c-3ce5-bb85-5b756d1ada1a  |t 0 
952 f f |a Texas A&M University  |b College Station  |c Electronic Resources  |d Available Online  |t 0  |e TD883.7.M62 L48 2000  |h Library of Congress classification 
998 f f |a TD883.7.M62 L48 2000  |t 0  |l Available Online